| 000 | 00851nam a2200217 a 4500 | ||
|---|---|---|---|
| 001 | 44660 | ||
| 003 | BD-RjUL | ||
| 005 | 20211209053909.0 | ||
| 008 | 160719r19721970bg a|||| |||| 00| 0 ben d | ||
| 035 | _a(BD-RjUL)4477 | ||
| 040 |
_aBD-RjUL _bben _cBD-RjUL |
||
| 041 | _aben | ||
| 082 |
_a954.92 _bDAB 1972 |
||
| 100 |
_aদস্তিদার, পূর্ণেন্দু _9127297 |
||
| 245 |
_aবীর-কন্যা প্রীতিলতা / _cপূর্ণেন্দু দস্তিদার |
||
| 260 |
_aঢাকা : _bএম. আবদুল হক, _c১৯৭০ _c[পুনর্মুদ্রণ ১৯৭২] |
||
| 300 |
_a১১৫ পৃ. : _bচিত্র ; _c২৫ সেমি. |
||
| 650 |
_aবাংলাদেশ _xইতিহাস _9136992 |
||
| 650 |
_aBangladesh _xHistory _9136993 |
||
| 942 |
_2ddc _cBK _03 |
||
| 999 |
_c44660 _d44660 |
||